Color Books Quiz Stats

 Plays Quiz Updated Jun 17, 2019

Score 0/24 Timer 05:00
31 Plays Today
Author Book Title % Correct
Dr. SeussGreen Eggs and Ham
71.8%
Alice WalkerThe Color Purple
69.9%
Jack LondonWhite Fang
62.8%
Nathaniel HawthorneThe Scarlet Letter
57.6%
Dr. SeussOne Fish Two Fish Red Fish Blue Fish
52.7%
Tom ClancyThe Hunt For Red October
45.9%
Stephen CraneRed Badge of Courage
42.5%
Roald DahlJames and the Giant Peach
37.2%
Anthony BurgessA Clockwork Orange
36%
Anna SewellBlack Beauty
33.1%
Stephen KingThe Green Mile
31.3%
Lucy Maud MontgomeryAnne of Green Gables
27.9%
Author Book Title % Correct
Toni Morrison The Bluest Eye
23%
Thomas HarrisRed Dragon
20.7%
Philip PullmanThe Amber Spyglass
20.2%
John SteinbeckThe Red Pony
18.9%
Umberto EcoThe Name of the Rose
17.9%
Wilson RawlsWhere the Red Fern Grows
13.3%
Anita DiamantThe Red Tent
12.8%
Walter FarleyBlack Stallion
11.7%
E. L. JamesFifty Shades of Grey
10.7%
Agatha ChristieThe Man in the Brown Suit
9.3%
Matthew QuickThe Silver Linings Playbook
6.5%
Walter MosleyDevil in a Blue Dress
4.7%

You're not logged in!

Compare scores with friends on all Sporcle quizzes.
OR
Log In

Sporcle TV

Today on Sporcle TV


Watch our educational content, quiz creation guides, and fun videos on Sporcle TV.

Show Comments

Extras

Top Quizzes Today


Score Distribution

Your Account Isn't Verified!

In order to create a playlist on Sporcle, you need to verify the email address you used during registration. Go to your Sporcle Settings to finish the process.

Report this User

Report this user for behavior that violates our Community Guidelines.

Details: